000 00872nam a2200229Ia 4500
001 L901-39981
003 IT-CnALBA
008 170116s9999||||xx |||||||||||||| ||und||
040 _aIT-CnALBA
_cIT-CnALBA
041 _aITALIANO
100 _aMESSORI VITTORIO
245 0 _aPENSARE LA STORIA. UNA LETTURA CATTOLICA DELLA AVVENTURA UMANA.
250 _a1a ed.
260 _aCINISELLO BALSAMO (MI)
_bEDIZIONI PAOLINE
_c1992 [1° Ed.:1992 - Ed.Ling.Originale: 1992]
300 _a690 p.
500 _aPREFAZIONE DI BIFFI G. CARDINALE. INDICE ONOMASTICO INDICE GENERALE.
501 _aSocietà San Paolo EM - Piazza San Paolo, 14 - 12051 ALBA (CN) (non commercial uses only) ® Copyright 2017
520 _aPREFAZIONE DI BIFFI G. CARDINALE. INDICE ONOMASTICO INDICE GENERALE.
650 _aFILOSOFIA E TEORIA DELLA STORIA
942 _cBK
957 _71
999 _a44935
_bNO
_g Copie: 1
_c298965
_d298965